Indian press at the crossroads: saga of fifty years (Record no. 481698)

000 -LEADER
fixed length control field 00455cam a22001337a 4500
008 - FIXED-LENGTH DATA ELEMENTS--GENERAL INFORMATION
fixed length control field 180718b1992 xxu||||| |||| 00| 0 eng d
082 ## - DEWEY DECIMAL CLASSIFICATION NUMBER
Classification number I548x54 C393
100 ## - MAIN ENTRY--PERSONAL NAME
Personal name Chaturvedi, J.P.
245 ## - TITLE STATEMENT
Title Indian press at the crossroads: saga of fifty years
Statement of responsibility, etc. by J.P. Chaturvedi
260 ## - PUBLICATION, DISTRIBUTION, ETC.
Place of publication, distribution, etc. New Delhi
Name of publisher, distributor, etc. Media Research Associates
Date of publication, distribution, etc. 1992
300 ## - PHYSICAL DESCRIPTION
Extent 432p.
650 ## - SUBJECT ADDED ENTRY--TOPICAL TERM
Topical term or geographic name entry element Journalism --India --History --20th century
650 ## - SUBJECT ADDED ENTRY--TOPICAL TERM
Topical term or geographic name entry element Press --India --History --20th century
Holdings
Withdrawn status Lost status Damaged status Not for loan Permanent Location Current Location Date acquired Full call number Barcode Date last seen Price effective from Koha item type
        Indian Institute of Public Administration Indian Institute of Public Administration 2018-08-04 I548x54 C393 GR14285 2018-08-04 2018-08-04 GR

Powered by Koha